[Event "POL-ch Blitz U18"]
[Site "Bydgoszcz"]
[Date "2023.08.31"]
[Round "1"]
[White "Luczak, Filip"]
[Black "Chwastyniak, Jakub"]
[Result "1-0"]
[WhiteElo "2317"]
[BlackElo "1415"]
[PlyCount "123"]
[EventDate "2023.08.28"]
[EventType "swiss"]
[EventRounds "10"]
[EventCountry "POL"]
[SourceTitle "EXT 2024"]
[Source "ChessBase"]
[SourceDate "2023.10.10"]
[SourceVersion "1"]
[SourceVersionDate "2023.10.10"]
[SourceQuality "1"]

1. b3 Nf6 2. Bb2 g6 3. e3 Bg7 4. Nf3 d6 5. d4 0-0 6. Be2 b6 7. 0-0 Bb7 8. c4 c5 9. d5 e6 10. dxe6 fxe6 11. Nbd2 Qe7 12. Qc2 Nc6 13. Rad1 Rad8 14. Qb1 Qf7 15. Ng5 Qe7 16. Qa1 e5 17. Nde4 Nxe4 18. Nxe4 Nb8 19. Nc3 Nd7 20. Nd5 Bxd5 21. Rxd5 Nf6 22. Rdd1 Qe6 23. h3 Nd7 24. Qb1 Rf7 25. Bg4 Qe7 26. Bxd7 Rxd7 27. Qe4 Rf5 28. Rd2 Bf8 29. Qd5+ Qf7 30. e4 Qxd5 31. Rxd5 Rf6 32. f3 Bh6 33. Bxe5 Be3+ 34. Kh1 Re6 35. Bc3 Kf7 36. Re1 Bf4 37. Kg1 Ke7 38. Kf2 Be5 39. Bxe5 dxe5 40. Red1 Rxd5 41. Rxd5 h6 42. Ke3 g5 43. g3 Kf6 44. Rd7 Re7 45. Rd8 Kg7 46. Rd6 h5 47. f4 exf4+ 48. gxf4 gxf4+ 49. Kxf4 Rf7+ 50. Kg5 Rf3 51. Rd7+ Kf8 52. Kxh5 Rxh3+ 53. Kg4 Re3 54. Kf4 Re2 55. Rxa7 Rf2+ 56. Ke5 Rh2 57. Kd5 Rh6 58. e5 Ke8 59. e6 Rh5+ 60. Kd6 Kf8 61. Ra8+ Kg7 62. e7 1-0